<?xml version="1.0" encoding="UTF-8"?>
<record
    xmlns:xsi="http://www.w3.org/2001/XMLSchema-instance"
    xsi:schemaLocation="http://www.loc.gov/MARC21/slim http://www.loc.gov/standards/marcxml/schema/MARC21slim.xsd"
    xmlns="http://www.loc.gov/MARC21/slim">

  <leader>01381njm a22002657a 4500</leader>
  <controlfield tag="005">20100909140518.0</controlfield>
  <controlfield tag="007">sd ammalaaahaa</controlfield>
  <controlfield tag="008">100830t        xxu||||| |||| 00| 0 hin d</controlfield>
  <datafield tag="028" ind1=" " ind2=" ">
    <subfield code="a">N-55411</subfield>
    <subfield code="b">His Master's Voice</subfield>
  </datafield>
  <datafield tag="035" ind1=" " ind2=" ">
    <subfield code="a">GR-01667</subfield>
  </datafield>
  <datafield tag="040" ind1=" " ind2=" ">
    <subfield code="a">SED/VEN</subfield>
  </datafield>
  <datafield tag="100" ind1=" " ind2=" ">
    <subfield code="9">17458</subfield>
    <subfield code="a">Mohamed Rafi</subfield>
  </datafield>
  <datafield tag="245" ind1=" " ind2=" ">
    <subfield code="a">Vah koi aor hoga /</subfield>
    <subfield code="h">[Sound recording] :</subfield>
    <subfield code="c">by Mohd rafi, music  Usha khanna [and]) Asad bhopali </subfield>
  </datafield>
  <datafield tag="246" ind1=" " ind2=" ">
    <subfield code="a">&#x935;&#x939; &#x915;&#x94B;&#x908;  &#x913;&#x930;  &#x939;&#x94B;&#x917;&#x93E; / </subfield>
  </datafield>
  <datafield tag="260" ind1=" " ind2=" ">
    <subfield code="a">Dum Dum, India </subfield>
    <subfield code="b">His Master's Voice</subfield>
  </datafield>
  <datafield tag="300" ind1=" " ind2=" ">
    <subfield code="a">1 Sound disc [Gramophone Record] :</subfield>
    <subfield code="b">analog, 33 1/3 rpm</subfield>
    <subfield code="c">12 in (LP)</subfield>
    <subfield code="f">Gramophone Records</subfield>
  </datafield>
  <datafield tag="500" ind1=" " ind2=" ">
    <subfield code="a">Brief record </subfield>
  </datafield>
  <datafield tag="505" ind1=" " ind2=" ">
    <subfield code="a">&#x92A;&#x93E;&#x930;&#x94D;&#x91F; &#x967; &#x92A;&#x94D;&#x92F;&#x93E;&#x930; &#x92E;&#x93F;&#x932;&#x947;&#x917;&#x93E;  &#x91C;&#x92C; &#x928;  &#x915;&#x939;&#x940; (&#x935;&#x939;  &#x915;&#x94B;&#x908;  &#x913;&#x930;  &#x939;&#x94B;&#x917;&#x93E;  )(&#x92E;&#x94B;&#x939;&#x926;  &#x930;&#x92B;&#x93C;&#x940; ) &#x92E;&#x94D;&#x92F;&#x942;&#x91C;&#x93F;&#x915; (&#x909;&#x937;&#x93E;  &#x916;&#x928;&#x94D;&#x928;&#x93E; ) [&#x90F;&#x902;&#x921; ](&#x905;&#x938;&#x926;  &#x92D;&#x94B;&#x92A;&#x93E;&#x932;&#x940; ) Part 1 Pyar  milega jab na kahi(Vah koi aor hoga )(Mohd rafi) music(Usha khanna) [and]) (Asad bhopali) &#x92A;&#x93E;&#x930;&#x94D;&#x91F;  &#x968;  &#x905;&#x930;&#x947;  &#x92F;&#x93E;&#x930;  &#x92E;&#x947;&#x930;&#x93E;  &#x926;&#x947;&#x916;&#x94B;   Part 2 Are yar mera dekho</subfield>
  </datafield>
  <datafield tag="650" ind1=" " ind2=" ">
    <subfield code="a">Orchestra</subfield>
    <subfield code="9">1186</subfield>
    <subfield code="z">India</subfield>
    <subfield code="x">Excerpts</subfield>
  </datafield>
  <datafield tag="700" ind1=" " ind2=" ">
    <subfield code="9">17459</subfield>
    <subfield code="a">Mohd rafi </subfield>
  </datafield>
  <datafield tag="700" ind1=" " ind2=" ">
    <subfield code="9">19119</subfield>
    <subfield code="a">Usha khanna</subfield>
  </datafield>
  <datafield tag="700" ind1=" " ind2=" ">
    <subfield code="a">Asad bhopali</subfield>
    <subfield code="9">19140</subfield>
    <subfield code="b"> </subfield>
  </datafield>
  <datafield tag="942" ind1=" " ind2=" ">
    <subfield code="2">ddc</subfield>
    <subfield code="c">GR</subfield>
  </datafield>
  <datafield tag="999" ind1=" " ind2=" ">
    <subfield code="c">44801</subfield>
    <subfield code="d">44801</subfield>
  </datafield>
  <datafield tag="952" ind1=" " ind2=" ">
    <subfield code="0">0</subfield>
    <subfield code="1">0</subfield>
    <subfield code="2">ddc</subfield>
    <subfield code="4">0</subfield>
    <subfield code="7">1</subfield>
    <subfield code="8">NFIC</subfield>
    <subfield code="a">L</subfield>
    <subfield code="b">L</subfield>
    <subfield code="d">2010-09-09</subfield>
    <subfield code="e">SED/VED</subfield>
    <subfield code="l">0</subfield>
    <subfield code="p">GR-01667</subfield>
    <subfield code="r">2010-09-09 00:00:00</subfield>
    <subfield code="t">1</subfield>
    <subfield code="w">2010-09-09</subfield>
    <subfield code="y">GR</subfield>
  </datafield>
</record>
